Stanovy federácie slovenských organizacií v Amerike

Bibliographic Details
Format: Book
Language:Slovak
PhysicalDescription:7 s. 15 cm
Published: [S.l.] [s.n.] 1926
Subjects:

MARC

LEADER 00000nam a2200000 a 4500
001 vtls011703432
003 SK-MaSNL
005 20260301141010.0
008 200104s1926 xo g 000 0 slo
015 |a SNBA2017/07 
020 |q (brožované) 
035 |a urn:nbn:sk:snk-am00cxi1 
035 |a urn:nbn:sk:snk-am3hei3 
035 |a 54550202-378A-414A-9319-8C6FE6D8D2DD 
040 |a SNK  |b slo  |c SNK  |e AACR2 
041 0 |a slo 
044 |a xo  |c SK 
080 |a 323.15  |2 2011 
080 |a (=162.4)  |2 2011 
080 |a (062.13)  |2 2011 
245 0 0 |a Stanovy federácie slovenských organizacií v Amerike 
260 |a [S.l.]  |b [s.n.]  |c 1926 
300 |a 7 s.  |c 15 cm 
610 2 7 |a Federácia slovenských organizacií v Amerike  |2 SNK  |9 494408 
650 0 7 |a Slováci v zahraničí  |2 SNKPH  |9 14695 
650 0 7 |a Slovaks in foreign  |2 SNKPHeng  |9 265147 
655 7 |a stanovy  |2 SNKPH  |9 70547 
655 7 |a Statutes  |2 SNKPHeng  |9 343296 
958 |a ONDV 
958 |a TL 
958 |a RK 
958 |a SK 
999 |c 765730  |d 767660 
952 |a SNK  |b SNK  |y PREZ  |7 0  |p 17A0732125  |o snkSE 613/5  |i snk919/37  |0 0  |1 0  |4 0  |d 2017-07-19  |f 1  |l 0  |r 2026-02-24 00:18:22  |w 2026-02-24